Géographie canadienne (QCM) - Statistiques

Statistiques générales
  • Ce quiz a été pris 149 fois
    135 depuis la dernière actualisation
  • Le résultat moyen est 11 sur 20
Statistiques - réponses
Question Réponse % Correct
Quelle province est connue pour parler français? Québec
100%
Quelle est la capitale du pays? Ottawa
94%
Quelle est la plus petite province du Canada? Île-du-Prince-Édouard
88%
Quel territoire français se situe au large du Canada? Saint-Pierre-et-Miquelon
88%
Dans quelle région se trouve Vancouver? Colombie-Britannique
81%
Quelle province est la plus peuplée? Ontario
75%
Quelle est la ville la plus peuplée du pays? Toronto
75%
Quel est le territoire ou la province qui a la plus grande superficie? Nunavut
69%
Qu'est-ce-que le Bouclier canadien? Un plateau rocheux
69%
Quelle ville ne se trouve pas dans l'Alberta? Winnipeg
63%
Quelle île du Canada est la plus grande? Île de Baffin
50%
Quel est le point culminant du Canada Mont Logan
50%
Lequel des Grands Lacs américains ne touche pas le Canada? Michigan
44%
Comment peut-on qualifier le régime politique canadien? Monarchie constitutionnelle
44%
Duquel des cinq Grands Lacs le Saint-Laurent est-il l'émissaire? Ontario
44%
Quelle est l'origine du mot "Canada"? Du langage amérindien
38%
Combien de provinces le Canada possède-t-il? 10
31%
Quelle ville est capitale de sa province? Toronto
31%
De quel lac le fleuve Nelson prend-il sa source? Winnipeg
6%
Quel fleuve du Canada est le plus long? Mackenzie
0%
Aucun quiz correspondant
Distribution des résultats
% des personnes avec chaque résultat
Percentile par nombre de réponses
Votre historique - résultats
Vous n’avez pas pris ce quiz depuis la dernière actualisation